000 00396nam a22001217a 4500
005 20251108173714.0
008 250721s2006 xx 000 0 ara d
100 1 _aجعفر, حسان عدنان
245 1 0 _aمدخل الى الطب البديل العودة الى الطبيعة /
264 1 _aبيروت :
_bدار ومكتبة الهلال،
_c2006.
942 _2ddc
_cBK
999 _c110411
_d110411